Datum a čas kvízu

32 Celkem bodů Celkový počet nahraných bodů na tomto kvízu bez doplňovacích otázek.
3. Pořadí na kvízu Konečné umístění týmu na tomto kvízu.

Zaznamenané odpovědi

# Otázka Odpověď Body Výsledky
1. Příslušníci jisté profese se v... popeláři 0
2. Která velká evropská země schv... Francie 1
3. TV Prima minulý týden představ... Asia Express 1
4. Tato 40letá žena se jmenuje Le... Zoo Praha 1
5. Hokejový útočník Ondřej Palát... New York Islanders 0
6. Na obrázku níže můžete vidět d... Drákula 1
7. Co by to bylo za hororové téma... C 0
8. Ze které (převážně videoherní)... Silent Hill 0
9. Michael Myers, zabiják ze séri... A 1
10. Čím je inspirován česko-americ... D 0